US Presidents who were Vice-Presidents - Statistics

General Stats
  • This quiz has been taken 1,081 times
  • The average score is 13 of 15
Answer Stats
Hint Answer % Correct
First sitting vice president elected president John Adams
97%
Became president after Kennedy's assassination, later elected to own term Lyndon B. Johnson
97%
Became president after Lincoln's assassination Andrew Johnson
95%
Became president after Nixon's resignation, appointed as vice president after Agnew's resignation Gerald Ford
95%
Second vice president to become president in a non-immediate fashion Joe Biden
95%
Fourth sitting vice president elected president George H. W. Bush
93%
Second sitting vice president elected president Thomas Jefferson
93%
Became president after Roosevelt's death, later elected to own term Harry S. Truman
92%
Became president after McKinley's assassination, later elected to own term Theodore Roosevelt
90%
First vice president to become president in a non-immediate fashion Richard Nixon
89%
Became president after Harding's death, later elected to own term Calvin Coolidge
82%
Became president after Harrison's death John Tyler
81%
Third sitting vice president elected president Martin Van Buren
76%
Became president after Garfield's assassination Chester A. Arthur
71%
Became president after Taylor's death Millard Fillmore
68%
No matching quizzes found
Score Distribution
Percent of People with Each Score
Percentile by Number Answered
Your Score History
You have not taken this quiz